| 000 | 01426nam a2200265Ia 4500 | ||
|---|---|---|---|
| 999 |
_c52664 _d52664 |
||
| 001 | 19688 | ||
| 003 | GE_BSU | ||
| 005 | 20200325215353.0 | ||
| 008 | 181216s1973||||ge |||||||||||||| ||geo|| | ||
| 040 | _cGE_BSU | ||
| 041 | _ageo | ||
| 080 | _a091(479.22) ქ-27 | ||
| 245 |
_aქართულ ხელნაწერთა აღწერილობა = Описание грузинских рукописей ყოფილი საეკლესიო მუზეუმის (A) კოლექციისა : _bტ. 1 [ნაკვ. 1] / _cშეადგინეს და დასაბეჭდად მოამზადეს თ. ბრეგაძემ, მ. ქავთარიამ და ლ. ქუთათელაძემ ; ელ. მეტრეველის რედაქციით. |
||
| 260 | _aთბილისი | ||
| 260 | _bმეცნიერება | ||
| 260 | _c1973 | ||
| 300 |
_a550 გვ. ; _c27 სმ. |
||
| 500 | _aპარალ. თავფ. რუს. ენაზე | ||
| 541 | _h9ლ.20თ. | ||
| 653 | _aქართული ხელნაწერები | ||
| 653 | _aხელნაწერები | ||
| 710 |
_aსაქ. სსრ მეცნ. აკადემია _97799 |
||
| 710 |
_aკ. კეკელიძის სახ. ხელნაწერთა ინსტიტუტი _97800 |
||
| 942 |
_cBK _2udc |
||